| 000 | 01578cam a2200445 a 4500 | ||
|---|---|---|---|
| 001 | 21138 | ||
| 003 | VRT | ||
| 005 | 20260217153302.0 | ||
| 008 | 000706s1958 xo g 000 f slo c | ||
| 020 | _q(viaz.) | ||
| 035 | _aSAVUKc153554 | ||
| 039 | 9 |
_a202205031155 _bssvkbb03 _c201904291003 _dAUTHORITY _c201901222120 _dAUTHORITY _c201706090803 _dmsavuk02 |
|
| 040 |
_aSAVUK _bslo _cSNK _dSAVUK _eAACR2 |
||
| 041 | 1 |
_aslo _hrus |
|
| 044 |
_axo _cSK |
||
| 072 | 7 |
_a821.161 _xVýchodoslovanské literatúry _2konspekt |
|
| 080 |
_a821.161.2-31 _22011 |
||
| 080 |
_a(0:82-311.4) _22011 |
||
| 100 | 1 |
_aVovčok, Marko, _d1834-1907 |
|
| 240 | 1 | 0 |
_aŽivaja duša _lSlovensky |
| 245 | 1 | 0 |
_aŽivá duša _cMarko Vovčok ; [preložila Viera Dovinová ; doslov napísala Irena Subotová] |
| 250 | _a1. vyd. | ||
| 260 |
_aBratislava _bSlovenské vydavateľstvo krásnej literatúry _c1958 |
||
| 300 |
_a364 s. _c21 cm |
||
| 490 | 1 |
_aEdícia svetových klasikov _vzväzok 86 |
|
| 500 | _aPreložené z ruštiny | ||
| 500 | _aVl. meno autora: Vilins’kaja, Marija Oleksandrivna | ||
| 655 | 7 |
_asociálne romány _2SNKPH |
|
| 655 | 7 |
_aSocial novels _2SNKPHeng |
|
| 655 | 7 |
_aukrajinské romány _2SNKPH |
|
| 655 | 7 |
_aUkrainian fiction _2SNKPHeng |
|
| 700 | 1 |
_aMarušiaková, Viera, _d1923-2016 _4trl |
|
| 700 | 1 |
_aSubotová, Irena _4aft |
|
| 830 | 0 | _aEdícia svetových klasikov | |
| 910 | _asavuk | ||
| 942 |
_2ddc _cKLDO _n0 |
||
| 949 |
_6270001000645492 _asvkbbS 55471 _bsvkbbm 47275 |
||
| 949 |
_62889326293 _asavukM 8960 |
||
| 999 |
_c21138 _d21138 |
||